000 00308nam a22001217a 4500
008 160613b xxu||||| |||| 00| 0 eng d
020 _a9781416052289
020 _a978146052289
041 _aeng
080 _a618.2
245 _aFundamentals concepts and skills for nursing;
_cSusan C.Deit;
942 _2udc
_cBK
999 _c2439
_d2439